Normal view
MARC view
Entry Personal Name
001 - CONTROL NUMBER
- control field: 59854
003 - CONTROL NUMBER IDENTIFIER
- control field: dpl
005 - DATE AND TIME OF LATEST TRANSACTION
- control field: 20231214121750.0
008 - FIXED-LENGTH DATA ELEMENTS
- fixed length control field: 231214|| aca||aabn | a|a d
040 ## - CATALOGING SOURCE
- Original cataloging agency: dpl
- Transcribing agency: dpl
100 ## - HEADING--PERSONAL NAME
- Personal name: अशोक कुमार
670 ## - SOURCE DATA FOUND
- Source citation: Work cat.: (dpl)199564: अशोक कुमार , भारत की आतरिक सुरक्षा की मुख्य चुनौतिया/, 2022
